[Event "Junior Online 4NCL Division 5"]
[Site "online"]
[Date "2021.02.04"]
[Round "2.32"]
[White "Caesar, Amelie"]
[Black "Bhargava, Arnav"]
[Result "1-0"]
[WhiteElo "653"]
[BlackElo "737"]
[PlyCount "24"]
[EventDate "2021.02.04"]
[WhiteTeam "Young Dragons C"]
[BlackTeam "Uxbridge Juniors Dynamos"]

1. d4 Nf6 2. e3 e6 3. Bd3 Be7 4. f4 O-O 5. Nf3 b6 6. Bd2 d6 7. a3 Bb7 8. Bb4 c5
9. dxc5 bxc5 10. Bc3 Bxf3 11. Qxf3 e5 12. Qxa8 Nd5 1-0

[Event "Junior Online 4NCL Division 5"]
[Site "online"]
[Date "2021.02.04"]
[Round "2.35"]
[White "Shaktawat, Shaurya"]
[Black "Adhikari, Aanya"]
[Result "0-1"]
[WhiteElo "845"]
[BlackElo "1015"]
[PlyCount "76"]
[EventDate "2021.02.04"]
[WhiteTeam "Manchester Juniors G"]
[BlackTeam "Maidenhead Juniors 5"]

1. e4 e5 2. Nf3 Nc6 3. d4 exd4 4. Nxd4 Nxd4 5. Qxd4 Nf6 6. Qe5+ Be7 7. f3 d6 8.
Qc3 d5 9. e5 Nd7 10. Bb5 a6 11. Bd3 O-O 12. f4 Nb8 13. Be3 Nc6 14. Bd4 Bb4 15.
O-O Bxc3 16. Nxc3 Nxd4 17. Rfd1 Nc6 18. Be2 Qh4 19. g3 Qh6 20. Rxd5 Qe6 21. Bc4
b5 22. Bb3 Qe7 23. Rad1 Be6 24. R5d3 Bxb3 25. axb3 Rad8 26. Nd5 Qc5+ 27. Kf1
Rd7 28. c4 bxc4 29. bxc4 Qxc4 30. b3 Qb5 31. Ke2 Rfd8 32. f5 Rxd5 33. e6 Rxd3
34. Rxd3 Qxd3+ 35. Kf2 Qxf5+ 36. Kg2 Qxe6 37. Kh1 Rd2 38. Kg1 Qe1# 0-1

[Event "Junior Online 4NCL Division 5"]
[Site "online"]
[Date "2021.02.04"]
[Round "2.36"]
[White "Markov, Tijana"]
[Black "Turner, Rufus"]
[Result "1-0"]
[WhiteElo "1015"]
[BlackElo "695"]
[PlyCount "61"]
[EventDate "2021.02.04"]
[WhiteTeam "Maidenhead Juniors 5"]
[BlackTeam "Manchester Juniors G"]

1. e4 e5 2. Nf3 Nf6 3. Nxe5 Nxe4 4. Qe2 Bd6 5. Qxe4 Bc5 6. Qf3 b6 7. Nd3 Bb7 8.
Qxb7 Nc6 9. Nxc5 O-O 10. Nc3 Qe7+ 11. Be2 Rae8 12. O-O Qg5 13. N5e4 Qd8 14. Ng3
Ne5 15. Qxa7 Re6 16. Qa3 c5 17. b4 d6 18. bxc5 bxc5 19. Bb2 Rfe8 20. Nd5 Rh6
21. Bxe5 Ree6 22. Bf4 Rh4 23. Be3 Re5 24. Nc3 Qf6 25. f3 h6 26. Bd3 Qd8 27.
Rab1 d5 28. Bxc5 Qg5 29. Rb8+ Qd8 30. Rxd8+ Re8 31. Rxe8# 1-0

[Event "Junior Online 4NCL Division 5"]
[Site "online"]
[Date "2021.02.04"]
[Round "2.39"]
[White "Adhikari, Aanya"]
[Black "Shaktawat, Shaurya"]
[Result "1-0"]
[WhiteElo "1015"]
[BlackElo "845"]
[PlyCount "77"]
[EventDate "2021.02.04"]
[WhiteTeam "Maidenhead Juniors 5"]
[BlackTeam "Manchester Juniors G"]

1. e4 d5 2. exd5 Qxd5 3. Nc3 Qd8 4. Nf3 Bd7 5. Bc4 e6 6. d4 Bd6 7. Be3 Nc6 8.
d5 exd5 9. Bxd5 Nf6 10. Bc4 Qe7 11. O-O O-O-O 12. Re1 Rhe8 13. Bxa7 Qf8 14. Be3
Be6 15. Bd3 g6 16. Qe2 Qe7 17. Rad1 Rd7 18. Rd2 h5 19. a4 b6 20. Bb5 Bd5 21.
Nxd5 Nxd5 22. Rxd5 Qe4 23. Bxc6 Red8 24. Bxd7+ Rxd7 25. Rd4 Qg4 26. Rxg4 hxg4
27. Nd2 Rd8 28. Qxg4+ f5 29. Qxg6 Rh8 30. Qxf5+ Kb7 31. g3 c6 32. Qd7+ Ka8 33.
Qxd6 b5 34. Qxc6+ Kb8 35. Bf4+ Ka7 36. Qc7+ Ka8 37. Qb6 b4 38. Re7 b3 39. Qa7#
1-0

[Event "Junior Online 4NCL Division 5"]
[Site "online"]
[Date "2021.02.04"]
[Round "2.40"]
[White "Turner, Rufus"]
[Black "Markov, Tijana"]
[Result "0-1"]
[WhiteElo "695"]
[BlackElo "1015"]
[PlyCount "82"]
[EventDate "2021.02.04"]
[WhiteTeam "Manchester Juniors G"]
[BlackTeam "Maidenhead Juniors 5"]

1. e4 e5 2. Bc4 Nc6 3. Nf3 Bc5 4. d4 exd4 5. Bg5 Nf6 6. O-O h6 7. Bh4 O-O 8. e5
g5 9. Bg3 Nh7 10. Bd3 Re8 11. Qe1 Qe7 12. Qe4 Nf8 13. a3 Bb6 14. a4 Ng6 15. a5
Nxa5 16. e6 Qxe6 17. Qxe6 dxe6 18. Bb5 Nc6 19. Na3 a6 20. Bd3 e5 21. Nxe5 Ngxe5
22. Nb1 Nxd3 23. cxd3 Bd7 24. Nd2 Kg7 25. Ne4 Bf5 26. Nf6 Kxf6 27. f4 gxf4 28.
Bxf4 Kg6 29. Rf3 Kh7 30. h3 Nb4 31. h4 Bxd3 32. Be5 Rxe5 33. Rxf7+ Kg6 34. Rf2
Bb5 35. g4 d3 36. h5+ Kg5 37. b3 Bxf2+ 38. Kxf2 Re2+ 39. Kf3 Rf8+ 40. Kg3 Bc6
41. Kh3 Rf3# 0-1

[Event "Junior Online 4NCL Division 5"]
[Site "online"]
[Date "2021.02.04"]
[Round "2.45"]
[White "Dhaliwal, Simrun Kaur"]
[Black "Phillips, Thomas"]
[Result "1-0"]
[WhiteElo "1028"]
[BlackElo "865"]
[PlyCount "33"]
[EventDate "2021.02.04"]
[WhiteTeam "Edgware Gambits J"]
[BlackTeam "Brentwood School C"]

1. e4 e5 2. Nf3 Nc6 3. Nc3 Nf6 4. Bb5 a6 5. Bxc6 dxc6 6. Nxe5 Bb4 7. d3 Bxc3+
8. bxc3 Be6 9. Bg5 h6 10. Bh4 g5 11. Bg3 Ng4 12. h3 Nxe5 13. Bxe5 O-O 14. O-O
Qd7 15. Qh5 Rae8 16. Qxh6 Qe7 17. Qh8# 1-0

[Event "Junior Online 4NCL Division 5"]
[Site "online"]
[Date "2021.02.04"]
[Round "2.46"]
[White "Edinburgh, Christian"]
[Black "Pang, Ethan"]
[Result "0-1"]
[WhiteElo "800"]
[BlackElo "925"]
[PlyCount "28"]
[EventDate "2021.02.04"]
[WhiteTeam "Brentwood School C"]
[BlackTeam "Edgware Gambits J"]

1. e4 e5 2. Nf3 Nc6 3. Nc3 Nf6 4. d3 h6 5. Nd5 Nxd5 6. exd5 Nd4 7. Nxd4 exd4 8.
Qe2+ Be7 9. c3 dxc3 10. d4 cxb2 11. Bxb2 O-O 12. Qe4 Bb4+ 13. Kd1 Re8 14. Qc2
Re1# 0-1

[Event "Junior Online 4NCL Division 5"]
[Site "online"]
[Date "2021.02.04"]
[Round "2.47"]
[White "Tulsiani, Aarav"]
[Black "Burulea, Matheo"]
[Result "1-0"]
[WhiteElo "910"]
[BlackElo "750"]
[PlyCount "50"]
[EventDate "2021.02.04"]
[WhiteTeam "Edgware Gambits J"]
[BlackTeam "Brentwood School C"]

1. e4 e5 2. Nf3 d5 3. exd5 Nf6 4. Nc3 Bf5 5. Bc4 Bc5 6. O-O O-O 7. a3 c6 8. d3
cxd5 9. Bb5 a6 10. Ba4 b5 11. Bb3 Nc6 12. d4 exd4 13. Ne2 d3 14. cxd3 Na5 15.
d4 Nxb3 16. Rb1 Nxc1 17. Qxc1 Bxb1 18. dxc5 Bg6 19. Nf4 Be4 20. Qe3 Bxf3 21.
Qxf3 d4 22. Rd1 a5 23. Ne2 Ne8 24. Nxd4 b4 25. Nc6 Qd7 1-0

[Event "Junior Online 4NCL Division 5"]
[Site "online"]
[Date "2021.02.04"]
[Round "2.48"]
[White "Musgrave, Fyscher"]
[Black "Soni, Gia"]
[Result "0-1"]
[WhiteElo "750"]
[BlackElo "850"]
[PlyCount "44"]
[EventDate "2021.02.04"]
[WhiteTeam "Brentwood School C"]
[BlackTeam "Edgware Gambits J"]

1. e3 e5 2. Qf3 Nf6 3. Bc4 Bc5 4. d4 exd4 5. exd4 Bxd4 6. Bg5 h6 7. Bh4 O-O 8.
g4 Qe8+ 9. Ne2 Nc6 10. g5 hxg5 11. Bxg5 Ne5 12. Qf5 d6 13. Bxf6 Nf3+ 14. Kd1
Bxf6 15. Qxf3 Be6 16. h4 Bxc4 17. h5 Bxe2+ 18. Kd2 Bxf3 19. Nc3 Bxh1 20. Rxh1
Bxc3+ 21. bxc3 Qe4 22. h6 Qxh1 0-1

[Event "Junior Online 4NCL Division 5"]
[Site "online"]
[Date "2021.02.04"]
[Round "2.49"]
[White "Phillips, Thomas"]
[Black "Dhaliwal, Simrun Kaur"]
[Result "1-0"]
[WhiteElo "865"]
[BlackElo "1028"]
[PlyCount "111"]
[EventDate "2021.02.04"]
[WhiteTeam "Brentwood School C"]
[BlackTeam "Edgware Gambits J"]

1. e4 e5 2. Nf3 Nc6 3. Nc3 Nf6 4. Bc4 Nxe4 5. Nxe4 d5 6. Bb5 dxe4 7. Bxc6+ bxc6
8. Nxe5 c5 9. Nc6 Qd7 10. Ne5 Qe7 11. Nc4 Ba6 12. d3 Bxc4 13. dxc4 Qe6 14. Be3
Qxc4 15. f3 Bd6 16. fxe4 Be5 17. Bg5 Bxb2 18. Rb1 Bc3+ 19. Bd2 Be5 20. Rg1 Rd8
21. Rf1 O-O 22. Bg5 Rxd1+ 23. Rxd1 Qxa2 24. Rd8 Qa1+ 25. Ke2 h6 26. Rxf8+ Kxf8
27. Bf4 Bd4 28. Rxa1 Bxa1 29. Bxc7 Ke8 30. Bd6 f6 31. Bxc5 Kd7 32. c4 Ke6 33.
Bxa7 h5 34. h3 g6 35. g4 Ke5 36. Kd3 Kf4 37. gxh5 gxh5 38. Bd4 f5 39. Bxa1
fxe4+ 40. Kd4 Kg3 41. Kxe4 h4 42. c5 Kxh3 43. c6 Kg2 44. c7 h3 45. c8=Q h2 46.
Qg8+ Kf1 47. Qf7+ Ke1 48. Qh5 h1=Q+ 49. Qxh1+ Ke2 50. Qh3 Kd2 51. Qg3 Kc1 52.
Qf2 Kb1 53. Kd3 Kxa1 54. Kc3 Kb1 55. Qh2 Kc1 56. Qh1# 1-0

[Event "Junior Online 4NCL Division 5"]
[Site "online"]
[Date "2021.02.04"]
[Round "2.50"]
[White "Pang, Ethan"]
[Black "Edinburgh, Christian"]
[Result "1-0"]
[WhiteElo "925"]
[BlackElo "800"]
[PlyCount "57"]
[EventDate "2021.02.04"]
[WhiteTeam "Edgware Gambits J"]
[BlackTeam "Brentwood School C"]

1. e4 e6 2. d4 d5 3. e5 c5 4. c3 cxd4 5. cxd4 f6 6. Nf3 Qa5+ 7. Nc3 fxe5 8.
Nxe5 Bd6 9. Bb5+ Nc6 10. Nxc6 bxc6 11. Bxc6+ Bd7 12. Bxa8 Qd8 13. Bb7 Qb6 14.
Qh5+ g6 15. Qd1 Qxb7 16. O-O e5 17. dxe5 Bxe5 18. Re1 Qc7 19. Nxd5 Qd6 20. Qe2
Qxd5 21. Qxe5+ Qxe5 22. Rxe5+ Ne7 23. Bg5 O-O 24. Rxe7 Be8 25. Rxa7 Rf5 26. Re1
Rf8 27. Bh6 Rf7 28. Rxe8+ Rf8 29. Rxf8# 1-0

[Event "Junior Online 4NCL Division 5"]
[Site "online"]
[Date "2021.02.04"]
[Round "2.51"]
[White "Burulea, Matheo"]
[Black "Tulsiani, Aarav"]
[Result "1/2-1/2"]
[WhiteElo "750"]
[BlackElo "910"]
[PlyCount "72"]
[EventDate "2021.02.04"]
[WhiteTeam "Brentwood School C"]
[BlackTeam "Edgware Gambits J"]

1. Nc3 e5 2. Nf3 Nc6 3. e4 Nf6 4. d4 exd4 5. Nxd4 Bc5 6. Nxc6 bxc6 7. e5 Ng4 8.
Qxg4 d6 9. Qxg7 Ke7 10. Qf6+ Kd7 11. e6+ fxe6 12. Qg7+ Qe7 13. Qxh8 Qd8 14.
Qxh7+ Qe7 15. Qh5 Bb7 16. Bg5 Qf8 17. Bh6 Bxf2+ 18. Ke2 Qh8 19. Qf7+ Kc8 20.
Qxf2 Qxh6 21. Qf8+ Qxf8 22. h4 e5 23. h5 d5 24. h6 Qh8 25. h7 Kd7 26. g4 d4 27.
Ne4 c5 28. g5 Bxe4 29. Rh2 Bxh7 30. g6 Qc8 31. gxh7 Qa6+ 32. c4 Rh8 33. Kd3
Qg6+ 34. Ke2 Rxh7 35. Rxh7+ Qxh7 36. Kf3 d3 1/2-1/2

[Event "Junior Online 4NCL Division 5"]
[Site "online"]
[Date "2021.02.04"]
[Round "2.52"]
[White "Soni, Gia"]
[Black "Musgrave, Fyscher"]
[Result "0-1"]
[WhiteElo "850"]
[BlackElo "750"]
[PlyCount "36"]
[EventDate "2021.02.04"]
[WhiteTeam "Edgware Gambits J"]
[BlackTeam "Brentwood School C"]

1. e4 Nc6 2. Nf3 Nf6 3. Bc4 e6 4. O-O d5 5. exd5 exd5 6. Bd3 Qe7 7. Re1 Bg4 8.
Rxe7+ Bxe7 9. Be2 O-O-O 10. Ne5 Rhe8 11. Bxg4+ Nxg4 12. Nxg4 Bf6 13. Nxf6 gxf6
14. d3 Ne5 15. Bf4 Ng4 16. Qxg4+ f5 17. Qxf5+ Rd7 18. Qxh7 Re1# 0-1

[Event "Junior Online 4NCL Division 5"]
[Site "online"]
[Date "2021.02.04"]
[Round "2.55"]
[White "Feldman, Joshua"]
[Black "Chandrashekhar, Prithvi"]
[Result "1-0"]
[WhiteElo "753"]
[BlackElo "1000"]
[PlyCount "53"]
[EventDate "2021.02.04"]
[WhiteTeam "Eden Primary Knights"]
[BlackTeam "MCS Tenners B"]

1. e4 e5 2. Bc4 c6 3. Qh5 g6 4. Qxe5+ Be7 5. Qxh8 Qa5 6. Qxg8+ Bf8 7. Bxf7+ Ke7
8. Nf3 d5 9. exd5 cxd5 10. Bxd5 Qb4 11. O-O Na6 12. c3 Bd7 13. Qf7+ Kd8 14.
Qxf8+ Kc7 15. Qxa8 Nc5 16. d3 Nxd3 17. Be3 Nxb2 18. Qxb7+ Kd6 19. Qxb4+ Kxd5
20. Qxb2 Kd6 21. Qd2+ Kc7 22. Ne5 Bb5 23. Rc1 Kb7 24. Qd5+ Bc6 25. Qxc6+ Kb8
26. Rd1 a5 27. Rd8# 1-0

[Event "Junior Online 4NCL Division 5"]
[Site "online"]
[Date "2021.02.04"]
[Round "2.56"]
[White "Large, Marcus"]
[Black "Querfurth Waterman, Maya"]
[Result "1-0"]
[WhiteElo "903"]
[BlackElo "742"]
[PlyCount "31"]
[EventDate "2021.02.04"]
[WhiteTeam "MCS Tenners B"]
[BlackTeam "Eden Primary Knights"]

1. c4 e5 2. Nc3 Bc5 3. Nf3 Nf6 4. b3 Ng4 5. e3 O-O 6. Bb2 Bb4 7. Nd5 Ba5 8.
Nxe5 Nxe5 9. Bxe5 d6 10. Bb2 Bd7 11. Bd3 Qc8 12. Qf3 Bg4 13. Qg3 c6 14. Nf4 Bb6
15. h3 Bf5 16. Qxg7# 1-0

[Event "Junior Online 4NCL Division 5"]
[Site "online"]
[Date "2021.02.04"]
[Round "2.57"]
[White "Lasserson, Gabriel"]
[Black "Zayed, Tashinga"]
[Result "0-1"]
[WhiteElo "774"]
[BlackElo "963"]
[PlyCount "110"]
[EventDate "2021.02.04"]
[WhiteTeam "Eden Primary Knights"]
[BlackTeam "MCS Tenners B"]

1. e4 Nc6 2. d3 e6 3. Bf4 d5 4. Nc3 Nf6 5. Nf3 Nh5 6. Be2 Nxf4 7. O-O e5 8.
exd5 Ne7 9. Ng5 c6 10. g3 cxd5 11. gxf4 exf4 12. Bh5 d4 13. Bxf7+ Kd7 14. Qg4+
Kc7 15. Qxf4+ Kb6 16. Rfe1 dxc3 17. bxc3 Nd5 18. Rab1+ Ka6 19. Qa4+ Qa5 20.
Re6+ b6 21. Rb5 Qxa4 22. Rexb6+ axb6 23. Rxd5 Qxa2 24. d4 Qa1+ 25. Kg2 Qa4 26.
Ne6 Qa2 27. Nc7+ Ka7 28. Nb5+ Kb7 29. Nd6+ Kc6 30. Rf5 Qxc2 31. Be8+ Kxd6 32.
Rf4 Qxc3 33. f3 Qb2+ 34. Kg3 b5 35. Rf5 Ke7 36. Bxb5 Bxf5 37. Kf4 Bd3 38. Bxd3
Qxd4+ 39. Be4 Qd2+ 40. Kg4 Qxh2 41. Bxa8 Kf7 42. Bd5+ Ke7 43. Kf5 Qh5+ 44. Ke4
Kd8 45. Kd4 Ba3 46. Kc4 Bc1 47. Kc5 Rf8 48. Kd6 Rxf3 49. Bc6 Rd3+ 50. Ke6 Qe2+
51. Kf7 Rc3 52. Be8 Qf2+ 53. Ke6 g5 54. Bd7 g4 55. Ke5 g3 0-1

[Event "Junior Online 4NCL Division 5"]
[Site "online"]
[Date "2021.02.04"]
[Round "2.58"]
[White "Davies, Fox"]
[Black "Book, Zachery"]
[Result "1-0"]
[WhiteElo "963"]
[BlackElo "792"]
[PlyCount "71"]
[EventDate "2021.02.04"]
[WhiteTeam "MCS Tenners B"]
[BlackTeam "Eden Primary Knights"]

1. e3 e6 2. Qh5 Nf6 3. Qb5 c6 4. Qe2 Ne4 5. Qd1 Nc5 6. b4 Ne4 7. d3 Nf6 8. d4
Bxb4+ 9. c3 Bd6 10. g4 Nxg4 11. Qxg4 f5 12. Qxg7 Qe7 13. Qxh8+ Qf8 14. Qxh7 Qf7
15. Qh8+ Qf8 16. Qh5+ Qf7 17. Qh3 Na6 18. Nf3 b5 19. Ng5 Qf6 20. Qh5+ Qf7 21.
Nxf7 b4 22. Nxd6+ Ke7 23. Nxc8+ Kf6 24. Nd6 Ke7 25. Nc4 d5 26. Qh4+ Kd7 27.
Ne5+ Kd6 28. Qg3 Ke7 29. Nxc6+ Kd7 30. Ne5+ Kd6 31. Nc4+ Kc6 32. Qd6+ Kb5 33.
Nb6+ Ka5 34. Nxa8 bxc3 35. Qxa6+ Kb4 36. Ba3# 1-0

[Event "Junior Online 4NCL Division 5"]
[Site "online"]
[Date "2021.02.04"]
[Round "2.59"]
[White "Chandrashekhar, Prithvi"]
[Black "Feldman, Joshua"]
[Result "1/2-1/2"]
[WhiteElo "1000"]
[BlackElo "753"]
[PlyCount "167"]
[EventDate "2021.02.04"]
[WhiteTeam "MCS Tenners B"]
[BlackTeam "Eden Primary Knights"]

1. e4 e5 2. c4 Qh4 3. g3 Qxe4+ 4. Be2 Qxh1 5. Kf1 Qc6 6. d3 Bb4 7. Bd2 Nf6 8.
Bxb4 Qb6 9. a3 Qe6 10. h3 Nc6 11. Bg4 Qxg4 12. hxg4 Nxg4 13. Kg2 Nd4 14. Qxg4
Nc2 15. Ra2 Nxb4 16. axb4 d6 17. Qe2 O-O 18. Ra3 f5 19. Qh5 Bd7 20. Rc3 Be6 21.
Rc2 Rf7 22. Re2 Raf8 23. g4 fxg4 24. Re3 g6 25. Qg5 Rf5 26. Qh6 R8f7 27. Rg3
Rxf2+ 28. Kh1 Rf1 29. Kh2 Rxb1 30. b5 b6 31. Kg2 Rbf1 32. Kh2 R1f2+ 33. Kh1 Bd7
34. b4 R2f3 35. Rg2 g3 36. Nxf3 Rxf3 37. Ra2 Rxd3 38. Rxa7 Rd1+ 39. Kg2 Rb1 40.
Ra8+ Kf7 41. Qxh7+ Ke6 42. Qh8 Rb2+ 43. Kxg3 Rb3+ 44. Kg4 e4 45. Ra7 e3 46. Qh7
e2 47. Qh1 Re3 48. Qh6 e1=Q 49. Qxg6+ Ke5+ 50. Kg5 Qg1+ 51. Kh6 Rh3+ 52. Kg7
Qg3 53. Rxc7 Be6 54. Re7 Kf4 55. Rxe6 Rh4 56. Rxd6 Rg4 57. Rxb6 Ke5 58. c5 Kd5
59. c6 Kc4 60. c7 Qxc7+ 61. Kf8 Rxg6 62. Rxg6 Kxb4 63. Rg7 Kxb5 64. Rxc7 Kb6
65. Re7 Kc6 66. Re6+ Kd5 67. Re8 Kd6 68. Rd8+ Ke6 69. Ke8 Kf6 70. Kd7 Ke5 71.
Re8+ Kd5 72. Re6 Kc5 73. Rc6+ Kb4 74. Rb6+ Ka5 75. Rb8 Ka6 76. Ra8+ Kb6 77.
Rb8+ Ka7 78. Kc7 Ka6 79. Rb6+ Ka7 80. Rb7+ Ka8 81. Rb8+ Ka7 82. Rb7+ Ka8 83.
Rb8+ Ka7 84. Rb7+ 1/2-1/2

[Event "Junior Online 4NCL Division 5"]
[Site "online"]
[Date "2021.02.04"]
[Round "2.60"]
[White "Querfurth Waterman, Maya"]
[Black "Large, Marcus"]
[Result "1-0"]
[WhiteElo "742"]
[BlackElo "903"]
[PlyCount "79"]
[EventDate "2021.02.04"]
[WhiteTeam "Eden Primary Knights"]
[BlackTeam "MCS Tenners B"]

1. e4 c5 2. Bb5 a6 3. Bc4 Nc6 4. Nf3 d6 5. Ng5 e6 6. O-O Be7 7. Nf3 Nf6 8. d3
b5 9. Bb3 Bb7 10. Bg5 h6 11. Bh4 e5 12. Bg3 a5 13. Nc3 b4 14. Nb5 Ba6 15. c4
Nd4 16. Nbxd4 cxd4 17. Ba4+ Kf8 18. Rc1 Ng4 19. Nxe5 dxe5 20. Qxg4 f6 21. Bc6
Rc8 22. Ba4 g5 23. Bd7 Rc7 24. Ba4 Bb7 25. Rc2 Bc8 26. Qh5 Bd6 27. f4 exf4 28.
Bf2 Rf7 29. Bxd4 Kg8 30. g3 Bd7 31. Bxd7 Qxd7 32. c5 Bxc5 33. Bxc5 Qc7 34. Rfc1
Qd7 35. Bb6 Qxd3 36. Rc8+ Rf8 37. Rxf8+ Kxf8 38. Rc8+ Kg7 39. Rc7+ Kf8 40. Qf7#
1-0

[Event "Junior Online 4NCL Division 5"]
[Site "online"]
[Date "2021.02.04"]
[Round "2.61"]
[White "Zayed, Tashinga"]
[Black "Lasserson, Gabriel"]
[Result "0-1"]
[WhiteElo "963"]
[BlackElo "774"]
[PlyCount "88"]
[EventDate "2021.02.04"]
[WhiteTeam "MCS Tenners B"]
[BlackTeam "Eden Primary Knights"]

1. Nf3 e6 2. Ng5 Qxg5 3. e4 Qd8 4. Nc3 Nc6 5. d3 Bc5 6. Qg4 Qf6 7. Bg5 Qxf2+ 8.
Kd1 f6 9. Bh4 Qd4 10. Ne2 Qxb2 11. Rc1 Be3 12. Bg3 Qxa2 13. Nc3 Qb2 14. Na4
Qxc1+ 15. Ke2 Qxc2+ 16. Kxe3 Qxa4 17. Be1 Qd4+ 18. Kd2 Nh6 19. Qh5+ Kd8 20. Qe2
Qb4+ 21. Kd1 Qb1+ 22. Kd2 Rg8 23. h4 g5 24. hxg5 Rg6 25. gxh6 f5 26. Rh4 Nd4
27. exf5 Nxe2 28. fxg6 hxg6 29. Rg4 e5 30. Rxg6 Nd4 31. Rg8+ Ke7 32. Rg3 Nb3+
33. Ke2 Qb2+ 34. Kf3 d5 35. Bb4+ Kd7 36. Rg7+ Kc6 37. Rg6+ Kb5 38. Be7 Bf5 39.
Rg7 Qd4 40. Be2 Bg4+ 41. Kg3 Qf4+ 42. Kh4 Rf8 43. Bxg4 Rf6 44. Rg8 Rxh6# 0-1

[Event "Junior Online 4NCL Division 5"]
[Site "online"]
[Date "2021.02.04"]
[Round "2.62"]
[White "Book, Zachery"]
[Black "Davies, Fox"]
[Result "0-1"]
[WhiteElo "792"]
[BlackElo "963"]
[PlyCount "34"]
[EventDate "2021.02.04"]
[WhiteTeam "Eden Primary Knights"]
[BlackTeam "MCS Tenners B"]

1. e3 e6 2. Nf3 b6 3. d3 Bb7 4. Ng1 Bb4+ 5. c3 Bc5 6. d4 Bd6 7. Nd2 Qg5 8. Ne4
Qd5 9. Ng3 h5 10. N3e2 Ba6 11. Nf4 Qg5 12. Nd3 Qb5 13. e4 Qc6 14. Nb4 Qxe4+ 15.
Kd2 Qf4+ 16. Ke1 Qe4+ 17. Kd2 Bf4# 0-1

[Event "Junior Online 4NCL Division 5"]
[Site "online"]
[Date "2021.02.04"]
[Round "2.65"]
[White "Rattani, Ehan"]
[Black "Jackson, Joel"]
[Result "1-0"]
[WhiteElo "1386"]
[BlackElo "813"]
[PlyCount "51"]
[EventDate "2021.02.04"]
[WhiteTeam "Chess Challengers G"]
[BlackTeam "Dragon Kings 2"]

1. e4 e5 2. Nf3 Nc6 3. Nc3 Nf6 4. Bc4 Bc5 5. O-O O-O 6. d3 d6 7. a3 Bg4 8. Be3
b6 9. b4 Bxe3 10. fxe3 Bxf3 11. Qxf3 h6 12. Rab1 Ne7 13. d4 exd4 14. exd4 d5
15. exd5 Nfxd5 16. Bxd5 Nxd5 17. Nxd5 Qh4 18. Nxc7 Rae8 19. Nxe8 Rxe8 20. Qxf7+
Kh7 21. Qxe8 Qxd4+ 22. Kh1 g5 23. Qf7+ Kh8 24. Rfe1 Qg7 25. Re8+ Qg8 26. Qxg8#
1-0

[Event "Junior Online 4NCL Division 5"]
[Site "online"]
[Date "2021.02.04"]
[Round "2.66"]
[White "Prentice, William"]
[Black "Jain, Aarnav"]
[Result "0-1"]
[WhiteElo "800"]
[BlackElo "1250"]
[PlyCount "74"]
[EventDate "2021.02.04"]
[WhiteTeam "Dragon Kings 2"]
[BlackTeam "Chess Challengers G"]

1. e4 e5 2. Bc4 Nf6 3. Nf3 Nc6 4. Nc3 Bc5 5. Nb5 a6 6. Nc3 O-O 7. O-O d6 8. Ng5
h6 9. Nf3 Bg4 10. Qe2 Na5 11. Na4 Nxc4 12. Nxc5 dxc5 13. Qxc4 Bxf3 14. Qxc5
Nxe4 15. Qxe5 Re8 16. gxf3 Rxe5 17. fxe4 Rxe4 18. d3 Rh4 19. Re1 Qd6 20. Re8+
Rxe8 21. Be3 Qxh2+ 22. Kf1 Qh1+ 23. Ke2 Qxa1 24. Kf3 Qxb2 25. Kg3 Qxa2 26. Kxh4
Qxc2 27. Ba7 b6 28. d4 Ra8 29. Bxb6 cxb6 30. d5 Qxf2+ 31. Kg4 Rd8 32. d6 Rxd6
33. Kh5 Rd5+ 34. Kg4 Rd4+ 35. Kh5 g6+ 36. Kxh6 Qh2+ 37. Kg5 Qf4# 0-1

[Event "Junior Online 4NCL Division 5"]
[Site "online"]
[Date "2021.02.04"]
[Round "2.67"]
[White "Botnari, Sofia"]
[Black "Pink, Callum"]
[Result "1-0"]
[WhiteElo "1243"]
[BlackElo "800"]
[PlyCount "31"]
[EventDate "2021.02.04"]
[WhiteTeam "Chess Challengers G"]
[BlackTeam "Dragon Kings 2"]

1. e4 e5 2. Bc4 Nf6 3. d3 Nc6 4. Bg5 Be7 5. Nf3 Bb4+ 6. c3 Be7 7. O-O O-O 8.
Nfd2 Ng4 9. Qxg4 Bxg5 10. Qh3 Bxd2 11. d4 exd4 12. cxd4 Nxd4 13. e5 Nf5 14. Bd3
Bg5 15. Bxf5 Qe8 16. Qxh7# 1-0

[Event "Junior Online 4NCL Division 5"]
[Site "online"]
[Date "2021.02.04"]
[Round "2.68"]
[White "Cadman, Ben"]
[Black "Singh, Arjun"]
[Result "1/2-1/2"]
[WhiteElo "800"]
[BlackElo "1100"]
[PlyCount "84"]
[EventDate "2021.02.04"]
[WhiteTeam "Dragon Kings 2"]
[BlackTeam "Chess Challengers G"]

1. e3 e5 2. Nf3 Nc6 3. Bd3 d5 4. Nc3 Nf6 5. O-O g6 6. b3 Bf5 7. Qe1 e4 8. Nxe4
dxe4 9. Bxe4 Nxe4 10. d3 Qf6 11. dxe4 Qxa1 12. c4 Bxe4 13. Ng5 Bd3 14. Nf3 Bxf1
15. Qxf1 Qxa2 16. Ne5 Nxe5 17. c5 Qxb3 18. e4 O-O-O 19. Be3 b6 20. cxb6 axb6
21. Bxb6 cxb6 22. f3 Qd3 23. Qc1+ Kb7 24. f4 Qd1+ 25. Qxd1 Rxd1+ 26. Kf2 Nd3+
27. Ke2 Nb2 28. e5 Be7 29. e6 fxe6 30. g4 Rc8 31. f5 Rc2+ 32. Ke3 Rd3+ 33. Ke4
Rc4+ 34. Ke5 Bd6+ 35. Kxe6 Re4+ 36. Kf6 Bxh2 37. Kg5 Bf4+ 38. Kh4 g5+ 39. Kh5
Bd6 40. f6 Rg3 41. f7 Rgxg4 42. f8=Q Bxf8 1/2-1/2

[Event "Junior Online 4NCL Division 5"]
[Site "online"]
[Date "2021.02.04"]
[Round "2.69"]
[White "Jackson, Joel"]
[Black "Rattani, Ehan"]
[Result "0-1"]
[WhiteElo "813"]
[BlackElo "1386"]
[PlyCount "62"]
[EventDate "2021.02.04"]
[WhiteTeam "Dragon Kings 2"]
[BlackTeam "Chess Challengers G"]

1. d4 e6 2. Bf4 Nf6 3. e3 Nc6 4. Bd3 Bb4+ 5. c3 Ba5 6. Nd2 O-O 7. Ngf3 d6 8.
O-O Bd7 9. b3 Bxc3 10. e4 Bxa1 11. Qxa1 a6 12. d5 exd5 13. exd5 Ne7 14. Be4 c6
15. dxc6 bxc6 16. Nd4 Nxe4 17. Nxe4 Bf5 18. Ng5 Bg4 19. Ne4 Nd5 20. Nxc6 Qh4
21. Bxd6 Rfe8 22. Bg3 Qh6 23. Nd6 Re6 24. Nd4 Rxd6 25. Bxd6 Qxd6 26. Qe1 g6 27.
Qb4 Nxb4 28. Rd1 Qf4 29. g3 Qd6 30. a3 Bxd1 31. axb4 Qxd4 0-1

[Event "Junior Online 4NCL Division 5"]
[Site "online"]
[Date "2021.02.04"]
[Round "2.70"]
[White "Jain, Aarnav"]
[Black "Prentice, William"]
[Result "1-0"]
[WhiteElo "1250"]
[BlackElo "800"]
[PlyCount "41"]
[EventDate "2021.02.04"]
[WhiteTeam "Chess Challengers G"]
[BlackTeam "Dragon Kings 2"]

1. e4 e5 2. Nf3 Nf6 3. Nc3 Nc6 4. Bc4 Bc5 5. O-O O-O 6. d3 Ng4 7. Bg5 h6 8.
Bxd8 Rxd8 9. h3 Nf6 10. Nd5 Nxd5 11. exd5 Re8 12. dxc6 bxc6 13. Re1 Re6 14.
Bxe6 dxe6 15. Nxe5 Bd4 16. c3 Bxe5 17. Rxe5 Ba6 18. Qg4 Rb8 19. Re3 Rxb2 20.
Rg3 Rc2 21. Qxg7# 1-0

[Event "Junior Online 4NCL Division 5"]
[Site "online"]
[Date "2021.02.04"]
[Round "2.71"]
[White "Pink, Callum"]
[Black "Botnari, Sofia"]
[Result "0-1"]
[WhiteElo "800"]
[BlackElo "1243"]
[PlyCount "22"]
[EventDate "2021.02.04"]
[WhiteTeam "Dragon Kings 2"]
[BlackTeam "Chess Challengers G"]

1. e4 e5 2. Bc4 Bc5 3. Qf3 Nf6 4. Qb3 d5 5. exd5 Ne4 6. Qb5+ c6 7. Qxc5 Nxc5 8.
Nf3 Qf6 9. O-O Qg6 10. d4 Bh3 11. dxc5 Qxg2# 0-1

[Event "Junior Online 4NCL Division 5"]
[Site "online"]
[Date "2021.02.04"]
[Round "2.72"]
[White "Singh, Arjun"]
[Black "Cadman, Ben"]
[Result "1-0"]
[WhiteElo "1100"]
[BlackElo "800"]
[PlyCount "51"]
[EventDate "2021.02.04"]
[WhiteTeam "Chess Challengers G"]
[BlackTeam "Dragon Kings 2"]

1. e4 e6 2. d4 d6 3. Nf3 Nc6 4. Bc4 Nf6 5. Nc3 Bd7 6. d5 Be7 7. dxc6 Bxc6 8.
Nb5 d5 9. exd5 exd5 10. Bb3 Bxb5 11. Ng5 Bd7 12. Bxd5 Nh5 13. Nxf7 Qc8 14. Nxh8
Nf6 15. O-O Bf5 16. Qf3 Qd8 17. Bxb7 Nd5 18. Bxa8 Be4 19. Qxe4 Nf6 20. Qe2 Qxa8
21. Rd1 Kf8 22. Bg5 Kg8 23. b3 Kxh8 24. Qxe7 Ne4 25. Qxe4 c5 26. Qxa8# 1-0